000 00906nam a2200277 a 4500
001 BRL_1241
005 20190320211114.0
008 041213s2000----mx-ao####c---#000-0#spa-#
041 _aspa
044 _amx
050 4 _aND259.S56
_b.F67 2000
100 1 _aShore, Aviva
_d1955-
_926245
245 1 0 _aFortaleza ante la adversidad
_cAviva Shore ; texto José Agustín, Carlos Foyo Martínez y Miguel Angel Muñoz.
250 _a2a ed.
260 _aMéxico
_bConaculta, INAH, AeroMexico
_c2000
300 _a40 p.
_bil. (algunas a color)
_c28 cm.
500 _aAu1428
600 1 4 _aShore, Aviva
_d1955-
_vExposiciones
_926246
650 1 4 _aPintores mexicanos
_vExposiciones
_923226
650 1 4 _aNaturaleza en el arte
_vExposiciones
_926247
700 1 _aAgustín, José
_926248
700 1 _aFoyo Martínez, Carlos
_926249
700 1 _aMuñoz, Miguel Angel
_926250
902 _aGRL
942 _2lcc
_cB
999 _c10053
_d10053